HEROES DE LA PATRIA : LA INDEPENDENCIA ; LA REFORMA ; LA REVOLUCION /

محفوظ في:
التفاصيل البيبلوغرافية
المؤلف الرئيسي: Cortés Tamayo, Ricardo (autor)
مؤلفون آخرون: Cortés Juárez, Erasto (autor) (autor), Nakayama Arce, Antonio (autor) (autor)
التنسيق: كتاب
الموضوعات:
الوسوم: إضافة وسم
لا توجد وسوم, كن أول من يضع وسما على هذه التسجيلة!

MARC

LEADER 00000nam^a2200000^a^4500
001 000242110
005 20250521000000.0
009 20260310105241.638
035 |a 064950 
037 |a Acervo Xavier Clavigero 
082 |a 972.  |b COR 
100 |a Cortés Tamayo, Ricardo  |e (autor) 
245 1 0 |a HEROES DE LA PATRIA :  |b LA INDEPENDENCIA ; LA REFORMA ; LA REVOLUCION /  |c RICARDO CORTES TAMAYO, ERASTO CORTES JUAREZ, ANTONIO NAKAYAMA 
264 |a MEXICO :  |b UNAM,  |c 1960 
300 |a 97 p. :  |b retrs. 
336 |a texto  |b txt  |2 rdacontenido 
337 |a sin mediación  |b n  |2 rdamedio 
338 |a volumen  |b nc  |2 rdasoporte 
649 |a XX 
650 |a México -  |x Historia -  |x Fuentes 
650 |a Héroes -  |x Biografías 
740 3 |a LA INDEPENDENCIA 
740 3 |a LA REFORMA 
740 3 |a LA REVOLUCION 
700 |a Cortés Juárez, Erasto  |e (autor) 
700 |a Nakayama Arce, Antonio  |e (autor) 
910 |a Fondo General 
920 |a Impresos - Libros 
930 |a Colección General 
905 |a 101 
901 |a 064950  |b IT1  |c ACC  |i 064950  |u 20250521 
902 |a https://opac.biblio.iteso.mx/vufind/Record/000242110